[Event "Wch FIDE Online U12 America qual"]
[Site "Tornelo INT"]
[Date "2020.12.02"]
[Round "2"]
[White "Aprahamian, Tomas"]
[Black "Prescod, Rory"]
[Result "1-0"]
[WhiteElo "1404"]
[BlackElo "1212"]
[PlyCount "119"]
[EventDate "2020.12.01"]
[EventType "swiss (rapid)"]
[EventRounds "7"]
[EventCountry "ISS"]
[SourceTitle "EXT 2022"]
[Source "ChessBase"]
[SourceDate "2021.10.06"]
[SourceVersion "1"]
[SourceVersionDate "2021.10.06"]
[SourceQuality "1"]

1. d4 d5 2. Nf3 Nf6 3. e3 Bf5 4. c4 c6 5. Nc3 e6 6. Qb3 Qc7 7. Bd2 Nbd7 8. Rc1 Qb6 9. c5 Qxb3 10. axb3 Be7 11. b4 0-0 12. b5 Rfc8 13. Be2 h6 14. 0-0 Ne4 15. Nxe4 Bxe4 16. Ne1 Nf6 17. f3 Bh7 18. b4 a6 19. bxa6 bxa6 20. Ra1 Rc7 21. Rxa6 Rxa6 22. Bxa6 Ra7 23. Bd3 Ra2 24. Bxh7+ Nxh7 25. Bc1 Ng5 26. Nd3 f6 27. Bb2 Bd8 28. Ra1 Rxa1+ 29. Bxa1 Bc7 30. Kf2 Kf8 31. g3 Ke7 32. h4 Nf7 33. f4 g5 34. hxg5 fxg5 35. Ne5 Bxe5 36. dxe5 Kd7 37. Kf3 gxf4 38. gxf4 Ke7 39. Kg4 Kd7 40. Kh5 Ke7 41. Bc3 Kf8 42. Kg6 Ke7 43. Be1 Kf8 44. Bh4 Ke8 45. Bf6 Kf8 46. Bg7+ Ke7 47. Bxh6 Nxh6 48. Kxh6 Kf7 49. Kg5 Ke7 50. f5 Kf7 51. f6 Ke8 52. Kg6 Kf8 53. f7 Ke7 54. Kg7 Kd7 55. f8Q Kc7 56. Qd6+ Kb7 57. b5 cxb5 58. Qb6+ Ka8 59. c6 b4 60. Qb7# 1-0

[Event "Wch FIDE Online U12 America qual"]
[Site "Tornelo INT"]
[Date "2020.12.01"]
[Round "1"]
[White "Prescod, Rory"]
[Black "Latorre, Vincent"]
[Result "0-1"]
[WhiteElo "1212"]
[BlackElo "1731"]
[PlyCount "86"]
[EventDate "2020.12.01"]
[EventType "swiss (rapid)"]
[EventRounds "7"]
[EventCountry "ISS"]
[SourceTitle "EXT 2022"]
[Source "ChessBase"]
[SourceDate "2021.10.06"]
[SourceVersion "1"]
[SourceVersionDate "2021.10.06"]
[SourceQuality "1"]

1. e4 g6 2. d4 Bg7 3. Nf3 d6 4. Nc3 a6 5. Be3 b5 6. a3 Bb7 7. Be2 Nd7 8. 0-0 Ngf6 9. e5 Nd5 10. exd6 cxd6 11. Qd2 N7f6 12. Rfe1 Nxc3 13. Qxc3 Rc8 14. Qd2 Ne4 15. Qd1 0-0 16. Bd3 Nf6 17. Qd2 Re8 18. Bf4 Qb6 19. c3 Bd5 20. Bc2 Qb7 21. Qe2 Bxf3 22. Qxf3 Qxf3 23. gxf3 Nd5 24. Bd2 Nb6 25. b3 Bxd4 26. Bxg6 Bxc3 27. Bf5 Bxd2 28. Bxc8 Bxe1 29. Rxe1 Nxc8 30. Rc1 Kf8 31. Rc6 a5 32. Kg2 Rd8 33. Rc3 d5 34. Rd3 Nb6 35. Rd4 e5 36. Rh4 d4 37. Rxh7 Ke7 38. Kf1 d3 39. Ke1 d2+ 40. Kd1 Nd5 41. Kc2 Ne3+ 42. fxe3 d1Q+ 43. Kc3 Qc1# 0-1